LEADER 05432nam 2200661 a 450 001 9910133221203321 005 20170809154042.0 010 $a1-299-38506-0 010 $a3-433-60090-2 010 $a3-433-60089-9 010 $a3-433-60191-7 035 $a(CKB)3400000000015963 035 $a(EBL)850321 035 $a(OCoLC)778339772 035 $a(SSID)ssj0000750399 035 $a(PQKBManifestationID)11472497 035 $a(PQKBTitleCode)TC0000750399 035 $a(PQKBWorkID)10748733 035 $a(PQKB)11581565 035 $a(MiAaPQ)EBC850321 035 $a(WaSeSS)Ind00046278 035 $a(MiAaPQ)EBC6735515 035 $a(Au-PeEL)EBL6735515 035 $a(OCoLC)1273979910 035 $a(EXLCZ)993400000000015963 100 $a20130403d2011 uy 0 101 0 $ager 135 $aur|n|---||||| 181 $ctxt 182 $cc 183 $acr 200 10$aBaugruben$b[electronic resource] $eBerechnungsverfahren /$fAnton Weissenbach, Achim Hettler 205 $a2nd ed. 210 $aBerlin $cErnst & Sohn$d2011 215 $a1 online resource (417 p.) 300 $aDescription based upon print version of record. 311 $a3-433-01253-9 320 $aIncludes bibliographical references. 327 $aTitle Page; Vorwort; Inhaltsverzeichnis; Chapter 1: Grundlagen; 1.1 Maßgebende Vorschriften; 1.2 Konstruktive Vorgaben; 1.3 Neues Sicherheitskonzept; 1.4 Einwirkungen; 1.5 Bodenkenngro?ßen; Chapter 2: Aktiver und passiver Erddruck; 2.1 Allgemeines; 2.2 Wandreibungswinkel und Erddruckneigungswinkel; 2.3 Gro?ße des aktiven Erddrucks; 2.4 Verteilung des aktiven Erddrucks; 2.5 Erdwiderstand vor Spundwa?nden und Ortbetonwa?nden; 2.6 Erdwiderstand vor Tra?gerbohlwa?nden und aufgelo?sten Pfahlwa?nden; Chapter 3: Nachweis der Standsicherheit; 3.1 Grenzzusta?nde; 3.2 Ablauf der Berechnung 327 $a3.3 Berechnungsverfahren3.4 Ermittlung und Nachweis der Einbindetiefe; 3.5 Ermittlung der Schnittgro?ßen; 3.6 Zula?ssige Vereinfachungen; 3.7 Vorberechnungen; 3.8 Nachweis der Gebrauchstauglichkeit; Chapter 4: Unverkleidete Baugrubenwa?nde; 4.1 Baugrubenwa?nde ohne rechnerischen Standsicherheitsnachweis; 4.2 Standsicherheitsuntersuchung mit Tabellenwerten; 4.3 Nachweis der Sicherheit gegen Bo?schungsbruch; Chapter 5: Nicht gestu?tzte, im Boden eingespannte Baugrubenwa?nde; 5.1 Einspannung im Untergrund; 5.2 Lastansa?tze und Bodenreaktionen; 5.3 Ermittlung von Einbindetiefen und Schnittgro?ßen 327 $a5.4 Ermittlung von Bewegungen und VerformungenChapter 6: Einmal gestu?tzte Baugrubenwa?nde; 6.1 Lastbilder; 6.2 Ermittlung von Einbindetiefen und Schnittgro?ßen bei freier Auflagerung im Boden; 6.3 Ermittlung von Einbindetiefen und Schnittgro?ßen bei beliebiger Fußauflagerung; 6.4 Beru?cksichtigung von Nutzlasten; 6.5 Korrektur der Wandfußverschiebung mit einer Mobilisierungsfunktion; Chapter 7: Mehrmals gestu?tzte Baugrubenwa?nde; 7.1 Lastbilder fu?r zweimal gestu?tzte Baugrubenwa?nde; 7.2 Lastbilder fu?r dreimal oder o?fter gestu?tzte Baugrubenwa?nde; 7.3 Ermittlung von Einbindetiefen und Schnittgro?ßen 327 $a7.4 Lastbilder und Schnittgro?ßen in den Ru?ckbauzusta?nden7.5 Beru?cksichtigung von Nutzlasten; Chapter 8: Bettungsmodulverfahren; 8.1 Grundlagen; 8.2 Bilinearer Ansatz und Ermittlung des zugeho?rigen Bettungsmoduls; 8.3 Nichtlineare Bettungsansa?tze; 8.4 Gestu?tzte Wa?nde; 8.5 Nachweis der Einbindetiefe; Chapter 9: Finite-Elemente-Methode; 9.1 Einfu?hrung; 9.2 Vorgaben aus Regelwerken; 9.3 Einschla?gige Vero?ffentlichungen; 9.4 Vorschla?ge zur Anwendung; Chapter 10: Gleichgewichtsbedingungen; 10.1 Gleichgewicht der waagerechten Kra?fte bei Tra?gerbohlwa?nden 327 $a10.2 Nachweis der Vertikalkomponente des mobilisierten Erdwiderstands10.3 Abtragung von Vertikalkra?ften in den Untergrund; 10.4 Sicherheit gegen Aufbruch der Baugrubensohle; 10.5 Sicherheit gegen Gela?ndebruch; Chapter 11: Bemessung der Einzelteile; 11.1 Ausfachung von Tra?gerbohlwa?nden; 11.2 Bohltra?ger, Spundwa?nde und Kanaldielen Gemeinsame Regelungen; 11.3 Ortbetonwa?nde; 11.4 Gurte und Auswechslungen; 11.5 Steifen; 11.6 Verankerungen; Chapter 12: Berechnungsbeispiele; 12.1 Nachweis der Bo?schungsstandsicherheit mit Tabellenwerten 327 $a12.2 Nachweis der Bo?schungsstandsicherheit mit dem lamellenfreien Gleitkreisverfahren 330 $aDie in den 1970er-Jahren erschienene dreiba?ndige Reihe ""Baugruben"" war als Standardwerk rund drei Jahrzehnte lang gu?ltig. Mit der Einfu?hrung des Teilsicherheitskonzepts wurde eine vo?llige U?berarbeitung erforderlich. Grundlage fu?r das vorliegende Werk ist der urspru?ngliche Teil 3. Soweit es zum Versta?ndnis erforderlich war, wurde er erga?nzt mit Inhalten aus den Teilen 1 und 2. Das vorliegende Buch behandelt unverkleidete Baugruben, im Boden eingespannte, einfach und mehrfach gestu?tzte Baugrubenwa?nde. Die Bemessung der Einzelteile wird aufgrund der Komplexita?t der neuen Bemessungsnormen fu?r Ho 606 $aExcavation 608 $aElectronic books. 615 0$aExcavation. 676 $a624 152 700 $aWeissenbach$b Anton$0928890 701 $aHettler$b Achim$0928891 801 0$bMiAaPQ 801 1$bMiAaPQ 801 2$bMiAaPQ 906 $aBOOK 912 $a9910133221203321 996 $aBaugruben$92087693 997 $aUNINA LEADER 01109nam0 22002651i 450 001 UON00484662 005 20231205105304.281 100 $a20180116d1922 |0itac50 ba 101 $aita 102 $aIT 105 $a|||| ||||| 200 1 $aStudi e capricci sui mistici tedeschi$esaggio sulla libertà mistica, Maestro Eckehart, Il libretto della vita perfetta, Sebastiano Franck Paracelso, Novalis, Giovanni Van Hooghens$fGiuseppe Prezzolini 205 $a2. ed 210 $aFirenze$cLa Voce$d1922 215 $a195 p.$d20 cm. 316 $aValore stimato$5IT-UONSI Fil.GVIII/0077 620 $aIT$dFirenze$3UONL000052 700 1$aPREZZOLINI$bGiuseppe$3UONV156435$0139070 712 $aLa Voce$3UONV257988$4650 801 $aIT$bSOL$c20241115$gRICA 899 $aSIBA - SISTEMA BIBLIOTECARIO DI ATENEO$2UONSI 912 $aUON00484662 950 $aSIBA - SISTEMA BIBLIOTECARIO DI ATENEO$dSI Fil.G VIII 0077 $eSI MR 20902 5 0077 Valore stimato 996 $aStudi e capricci sui mistici tedeschi$91554754 997 $aUNIOR